000 00202 a2200097 4500
001 9144
100 _aRoberts, R.A.
245 _aThe fight for the Ashes
260 _a
_bHarrap
_c
090 _c7321
_d7321
942 _aNUST-CAE
_cM
_c33958
999 _c244217
_d244217